Maternity nursing : (Record no. 283803)
[ view plain ]
| 000 -LEADER | |
|---|---|
| fixed length control field | 02455cam a22004574a 4500 |
| 001 - CONTROL NUMBER | |
| control field | 15950315 |
| 003 - CONTROL NUMBER IDENTIFIER | |
| control field | PILC |
| 005 - DATE AND TIME OF LATEST TRANSACTION | |
| control field | 20150320092345.0 |
| 008 - FIXED-LENGTH DATA ELEMENTS--GENERAL INFORMATION | |
| fixed length control field | 091016s2010 moua b 001 0 eng |
| 010 ## - LIBRARY OF CONGRESS CONTROL NUMBER | |
| LC control number | 2009043813 |
| 015 ## - NATIONAL BIBLIOGRAPHY NUMBER | |
| National bibliography number | GBB033071 |
| Source | bnb |
| 016 7# - NATIONAL BIBLIOGRAPHIC AGENCY CONTROL NUMBER | |
| Record control number | 101517513 |
| Source | DNLM |
| 016 7# - NATIONAL BIBLIOGRAPHIC AGENCY CONTROL NUMBER | |
| Record control number | 015499344 |
| Source | Uk |
| 020 ## - INTERNATIONAL STANDARD BOOK NUMBER | |
| International Standard Book Number | 9780323066617 (hc : alk. paper) |
| 020 ## - INTERNATIONAL STANDARD BOOK NUMBER | |
| International Standard Book Number | 0323066615 |
| 020 ## - INTERNATIONAL STANDARD BOOK NUMBER | |
| International Standard Book Number | 9789812599063 |
| 035 ## - SYSTEM CONTROL NUMBER | |
| System control number | (OCoLC)ocn458577936 |
| 040 ## - CATALOGING SOURCE | |
| Original cataloging agency | DNLM/DLC |
| Transcribing agency | DLC |
| Modifying agency | NLM |
| -- | YDXCP |
| -- | C#P |
| -- | CDX |
| -- | UKM |
| -- | BWX |
| -- | DLC |
| 042 ## - AUTHENTICATION CODE | |
| Authentication code | pcc |
| 050 00 - LIBRARY OF CONGRESS CALL NUMBER | |
| Classification number | RG 951 |
| Item number | .P462 2007 |
| 060 00 - NATIONAL LIBRARY OF MEDICINE CALL NUMBER | |
| Classification number | 2010 F-770 |
| 060 10 - NATIONAL LIBRARY OF MEDICINE CALL NUMBER | |
| Classification number | WY 157.3 |
| Item number | M4266 2010 |
| 082 00 - DEWEY DECIMAL CLASSIFICATION NUMBER | |
| Classification number | 618.2/0231 |
| 100 ## - MAIN ENTRY--PERSONAL NAME | |
| Personal name | Perry, Shanon E. |
| 245 00 - TITLE STATEMENT | |
| Title | Maternity nursing : |
| Statement of responsibility, etc | Shannon E. Perry, Kitty Cashion ; associate editor, Kathryn Rhodes Alden. |
| Remainder of title | clinical companion / |
| 260 ## - PUBLICATION, DISTRIBUTION, ETC. (IMPRINT) | |
| Place of publication, distribution, etc | Maryland Heights, MO : |
| Name of publisher, distributor, etc | Mosby/Elsevier, |
| Date of publication, distribution, etc | c2007. |
| 300 ## - PHYSICAL DESCRIPTION | |
| Extent | 691 pages : |
| Other physical details | illustrations ; |
| Dimensions | 20 cm. |
| 504 ## - BIBLIOGRAPHY, ETC. NOTE | |
| Bibliography, etc | Includes bibliographical references and index. |
| 505 0# - FORMATTED CONTENTS NOTE | |
| Formatted contents note | 21st century maternity nursing : culturally competent, family and community focused -- Assessment and health promotion -- Common concerns -- Contraception, abortion, and infertility -- Genetics, conception, and fetal development -- Anatomy and physiology of pregnancy -- Nursing care of the family during pregnancy -- Maternal and fetal nutrition -- Labor and birth processes -- Management of discomfort -- Fetal assessment during labor -- Nursing care of the family during labor and birth -- Maternal physiologic changes -- Nursing care of the family during the fourth trimester -- Transition to parenthood -- Physiologic and behavioral adaptations of the newborn -- Assessment and care of the newborn and family -- Newborn nutrition and feeding -- Assessment of high risk pregnancy -- Pregnancy at risk : preexisting conditions -- Pregnancy at risk : gestational conditions -- Labor and birth at risk -- Postpartum complications -- The newborn at risk. |
| 521 ## - TARGET AUDIENCE NOTE | |
| Target audience note | Nursing |
| 650 #0 - SUBJECT ADDED ENTRY--TOPICAL TERM | |
| Topical term or geographic name as entry element | Maternity nursing. |
| 650 #0 - SUBJECT ADDED ENTRY--TOPICAL TERM | |
| Topical term or geographic name as entry element | Pediatric nursing. |
| 650 12 - SUBJECT ADDED ENTRY--TOPICAL TERM | |
| Topical term or geographic name as entry element | Maternal-Child Nursing |
| General subdivision | methods. |
| 650 22 - SUBJECT ADDED ENTRY--TOPICAL TERM | |
| Topical term or geographic name as entry element | Obstetrical Nursing |
| General subdivision | methods. |
| 700 1# - ADDED ENTRY--PERSONAL NAME | |
| Personal name | Lowdermilk, Deitra Leonard. |
| 700 1# - ADDED ENTRY--PERSONAL NAME | |
| Personal name | Perry, Shannon E. |
| 700 1# - ADDED ENTRY--PERSONAL NAME | |
| Personal name | Cashion, Kitty. |
| 906 ## - LOCAL DATA ELEMENT F, LDF (RLIN) | |
| a | 7 |
| b | cbc |
| c | orignew |
| d | 1 |
| e | ecip |
| f | 20 |
| g | y-gencatlg |
| 942 ## - ADDED ENTRY ELEMENTS (KOHA) | |
| Source of classification or shelving scheme | Library of Congress Classification |
| Koha item type | Books |
| Withdrawn status | Lost status | Source of classification or shelving scheme | Damaged status | Home library | Current library | Shelving location | Date acquired | Source of acquisition | Total Checkouts | Full call number | Barcode | Date last seen | Price effective from | Koha item type |
|---|---|---|---|---|---|---|---|---|---|---|---|---|---|---|
| Library of Congress Classification | College Library | College Library | General Circulation Section | 03/20/2015 | Library Fund | RG 951 .P462 2007 | C19234 | 05/15/2018 | 03/20/2015 | Books |